[Event "SRI-ch U14 Girls"]
[Site "Maharaga"]
[Date "2020.08.30"]
[Round "10"]
[White "Sanudula, KM Dahamdi"]
[Black "Fernando, Nethmi Vimansa"]
[Result "1-0"]
[WhiteElo "1457"]
[BlackElo "1045"]
[PlyCount "69"]
[EventDate "2020.08.29"]
[EventType "tourn"]
[EventRounds "11"]
[EventCountry "SRI"]
[SourceTitle "EXT 2022"]
[Source "ChessBase"]
[SourceDate "2021.10.06"]
[SourceVersion "1"]
[SourceVersionDate "2021.10.06"]
[SourceQuality "1"]

1. d4 Nf6 2. e3 a6 3. Bd3 d5 4. f4 Bg4 5. Nf3 e6 6. 0-0 Bd6 7. Nbd2 0-0 8. h3 Bh5 9. g4 Bg6 10. Ne5 Nbd7 11. Nxg6 hxg6 12. Qf3 Re8 13. Rf2 c5 14. c3 c4 15. Be2 Nf8 16. g5 Nh5 17. Qg4 Nh7 18. Rg2 Rc8 19. Qh4 Rc6 20. Bxh5 gxh5 21. Qxh5 g6 22. Qg4 Rb6 23. h4 Rc6 24. h5 Rb6 25. Nf3 gxh5 26. Qxh5 Rc6 27. Rh2 Kf8 28. Qxh7 Rb6 29. g6 Qf6 30. Nh4 Rc6 31. gxf7 Qxf7 32. Ng6+ Qxg6+ 33. Qxg6 Rc7 34. Qf6+ Kg8 35. Rh8# 1-0

[Event "SRI-ch U14 Girls"]
[Site "Maharaga"]
[Date "2020.08.30"]
[Round "3"]
[White "Wilvalaarachchi, Oneli Omaya"]
[Black "Fernando, Nethmi Vimansa"]
[Result "1-0"]
[WhiteElo "1378"]
[BlackElo "1045"]
[PlyCount "83"]
[EventDate "2020.08.29"]
[EventType "tourn"]
[EventRounds "11"]
[EventCountry "SRI"]
[SourceTitle "EXT 2022"]
[Source "ChessBase"]
[SourceDate "2021.10.06"]
[SourceVersion "1"]
[SourceVersionDate "2021.10.06"]
[SourceQuality "1"]

1. d4 Nf6 2. c4 e6 3. Nf3 Bb4+ 4. Bd2 Bxd2+ 5. Nbxd2 0-0 6. g3 d5 7. Bg2 Nc6 8. 0-0 b6 9. Rc1 Bb7 10. cxd5 exd5 11. a3 Re8 12. Re1 h6 13. Qc2 Re6 14. b4 a6 15. e3 Qe7 16. Bh3 Rd6 17. Nh4 g6 18. Nhf3 Ne4 19. Nxe4 dxe4 20. Nd2 Re8 21. Bg2 f5 22. Qb3+ Kg7 23. Nc4 Re6 24. d5 Rf6 25. dxc6 Bxc6 26. Qb2 Rd8 27. Nxb6 cxb6 28. Rxc6 Qe8 29. Qxf6+ Kg8 30. Qxg6+ Qxg6 31. Rxg6+ Kh7 32. Rxb6 Rd7 33. Rxa6 Rg7 34. Bh3 Rf7 35. b5 h5 36. b6 h4 37. Ra7 Rxa7 38. bxa7 Kh6 39. a8Q Kg5 40. gxh4+ Kxh4 41. Qg8 Kxh3 42. Qg3# 1-0

[Event "SRI-ch U14 Girls"]
[Site "Maharaga"]
[Date "2020.08.29"]
[Round "1"]
[White "Munasinghe, MADDD"]
[Black "Fernando, Nethmi Vimansa"]
[Result "1-0"]
[WhiteElo "1052"]
[BlackElo "1045"]
[PlyCount "87"]
[EventDate "2020.08.29"]
[EventType "tourn"]
[EventRounds "11"]
[EventCountry "SRI"]
[SourceTitle "EXT 2022"]
[Source "ChessBase"]
[SourceDate "2021.10.06"]
[SourceVersion "1"]
[SourceVersionDate "2021.10.06"]
[SourceQuality "1"]

1. b3 e5 2. Bb2 Nc6 3. e3 a6 4. Be2 Nf6 5. c4 d5 6. Nf3 e4 7. Nd4 Nxd4 8. Bxd4 Bf5 9. Nc3 Bb4 10. Bxf6 Qxf6 11. Nxd5 Qd6 12. Bg4 Bxg4 13. Qxg4 Qe5 14. Rd1 f5 15. Qf4 Qxf4 16. exf4 0-0-0 17. Nxb4 Rhg8 18. 0-0 g5 19. Nd5 Rd7 20. Nf6 Rdg7 21. Nxg8 Rxg8 22. fxg5 Rxg5 23. d3 exd3 24. Rxd3 h5 25. Re1 Kb8 26. Rg3 Rxg3 27. fxg3 Kc8 28. Re5 Kd7 29. Rxf5 Kd6 30. c5+ Kc6 31. a4 b6 32. cxb6 cxb6 33. Rxh5 b5 34. a5 b4 35. g4 Kd6 36. Rf5 Ke6 37. Rf1 Kd5 38. g5 Kd4 39. g6 Kc3 40. g7 Kxb3 41. g8Q+ Ka3 42. Qc4 b3 43. Ra1+ Kb2 44. Qc1# 1-0